Steden die op I Eindigen met Hints - Statistieken

Algemene statistieken
  • Deze quiz is 739 keer genomen
  • De gemiddelde score is 11 van 20
Antwoordstatistieken
Hint Stad % Correct
De twee grootste steden in de Verenigde Arabische Emiraten Dubai
82%
's Werelds op-één-na-noordelijkste hoofdstad, achter Reykjavik Helsinki
80%
De financiële hoofdstad van China Shanghai
80%
Volgens de meeste bronnen de meest vervuilde stad ter wereld Delhi
71%
Het centrum van de Indiase filmindustrie Mumbai
71%
De hoofdstad en grootste stad van Kenia Nairobi
71%
De twee grootste steden in de Verenigde Arabische Emiraten Abu Dhabi
70%
De tweede stad waarin een atoombom ontplofte Nagasaki
68%
De hoofdstad van Georgië Tbilisi
63%
Deze Afrikaanse hoofdstad heeft dezelfde naam als zijn land Djibouti
61%
In 2014 werden de Olympische Winterspelen in deze Russische resortstad gehouden Sotsji
59%
Deze Amerikaanse stad was het centrum van cocaïne-import in de VS in de jaren 1980 Miami
52%
De stad met de meeste inwoners in Pakistan Karachi
44%
Deze hoofdstad ligt aan de Rode rivier Hanoi
37%
De grootste stad op het eiland Sardinië Cagliari
35%
Ondanks dat het een hoofdstad is zijn er maar 16 ambassades in deze Oost-Aziatische stad Taipei
34%
Indiase stad met 11 miljoen inwoners die vroeger Madras heette Chennai
27%
Stad in Libië waar een ambassade van de VS in 2012 werd aangevallen Benghazi
25%
Grote stad aan de Ohio-rivier Cincinnati
24%
Mexicaanse stad aan de grens met de VS; zijn noordelijke buur heet Calexico Mexicali
21%
Geen overeenkomende quizzen gevonden
Scoreverdeling
Procent van Mensen met Elke Score
Percentiel versus Aantal Correcte Antwoorden
Uw Scoregeschiedenis
U heeft deze quiz nog niet genomen